| 000 | 00563nam a2200193Ia 4500 | ||
|---|---|---|---|
| 003 | GCL | ||
| 008 | 140319s9999 xx 000 0 ara d | ||
| 040 |
_aGCL / _cGCL |
||
| 082 | 0 | 4 |
_a646.74 _bم ف |
| 100 | 1 | _aمختار سالم | |
| 245 | 1 | 0 |
_aفن تجميل الوجه للسيدات والانسات / _cمختار سالم |
| 300 | _a212 ص | ||
| 490 |
_aالهيئة العامة للاستعلامات _v0 |
||
| 650 | 0 | 4 | _aالجمال |
| 650 | 0 | 4 | _aالوجه |
| 650 | 0 | 4 | _aالمكياج , فن |
| 650 | 0 | 4 | _aالتجميل, فن |
| 942 |
_2ddc _cBK |
||
| 999 |
_c48461 _d48461 |
||